000 00436nam a2200181Ia 4500
001 3005
005 20260306144849.0
008 260306t2007||||xx |||||||||||||| ||spa||
041 _aESP
082 _a241
_bF57
100 _aFlecha Andrés, José-Román
_eAUT
245 0 _aMoral social:
_bla vida en comunidad
260 _c2007
300 _a589 páginas :
_c21 cm.
650 _aGEN
654 _aCHU
942 _cLIB
_dJUS
_fJUS
_2ddc
_n
999 _c3005
_d3005